|
|
|
|
| LEADER |
00000nam a22000007a 4500 |
| 005 |
20170927173359.0 |
| 007 |
cr|||| |||| |
| 008 |
170927s2016 mx |||||s|||| 00||0 spa d |
| 020 |
|
|
|a 978-607-9423-79-7
|
| 035 |
|
|
|a 20626
|
| 040 |
|
|
|a vLex
|
| 090 |
|
|
|c 7016
|d 7016
|
| 100 |
1 |
|
|a Schmidt, Samuel
|
| 245 |
1 |
2 |
|a La democratizacin̤ mexicana
|h [Recurso electrn̤ico]:
|b Un camino tortuoso /
|c Samuel Schmidt
|
| 256 |
|
|
|a Servicio en ln̕ea
|
| 260 |
|
|
|a Ciudad de Mx̌ico:
|b Cm̀ara de Diputados,
|c 2016
|
| 300 |
|
|
|a 1 recurso electrn̤ico
|
| 506 |
1 |
|
|a Disponible solo en los productos indicados
|d vLex Global
|d vLex Global (Academic Edition, excluding Law Schools)
|d vLex Global (U.S. Academic Edition, Law Schools)
|d vLex Global (U.S. Academic Edition, excluding Law Schools)
|d vLex Global (Academic Edition, Law Schools)
|
| 650 |
0 |
4 |
|a Derecho civil
|z Mx̌ico
|
| 650 |
0 |
4 |
|a Derecho constitucional
|z Mx̌ico
|
| 740 |
0 |
|
|a vLex (Servicio en ln̕ea)
|
| 856 |
4 |
0 |
|u http://vlex.com/source/democratizacion-mexicana-un-camino-tortuoso-20626
|z Acceso restringido
|
| 942 |
|
|
|c BOOK
|
| 999 |
0 |
|
|a Civil law
|
| 999 |
0 |
|
|a Constitutional law
|